Learning Resource and Development

American journal of pharmaceutical education. (Record no. 31094)

MARC details
000 -LEADER
fixed length control field 01446nam a2200385 i 4500
003 - CONTROL NUMBER IDENTIFIER
control field CSPC
005 - DATE AND TIME OF LATEST TRANSACTION
control field 20260120150632.0
008 - FIXED-LENGTH DATA ELEMENTS--GENERAL INFORMATION
fixed length control field 251205c1999 usaqr p i 00 0 eng d
022 ## - INTERNATIONAL STANDARD SERIAL NUMBER
International Standard Serial Number 0002-9459
040 ## - CATALOGING SOURCE
Original cataloging agency CSPC
Language of cataloging eng
Transcribing agency CSPC
Description conventions rda
245 00 - TITLE STATEMENT
Title American journal of pharmaceutical education.
264 #1 - PRODUCTION, PUBLICATION, DISTRIBUTION, MANUFACTURE, AND COPYRIGHT NOTICE
Place of production, publication, distribution, manufacture Prince Street, Alexandria VA :
Name of producer, publisher, distributor, manufacturer American Association of Colleges of Pharmacy,
Date of production, publication, distribution, manufacture, or copyright notice 1999.
300 ## - PHYSICAL DESCRIPTION
Extent volumes :
Other physical details illustrations ;
Dimensions 28 cm.
336 ## - CONTENT TYPE
Source rdacontent
Content type term text
337 ## - MEDIA TYPE
Source rdamedia
Media type term unmediated
338 ## - CARRIER TYPE
Source rdacarrier
Carrier type term volume
362 ## - DATES OF PUBLICATION AND/OR SEQUENTIAL DESIGNATION
Dates of publication and/or sequential designation Volume 63,
362 ## - DATES OF PUBLICATION AND/OR SEQUENTIAL DESIGNATION
Dates of publication and/or sequential designation Volume 63, Number 2
362 ## - DATES OF PUBLICATION AND/OR SEQUENTIAL DESIGNATION
Dates of publication and/or sequential designation Volume 63, Number 4
362 ## - DATES OF PUBLICATION AND/OR SEQUENTIAL DESIGNATION
Dates of publication and/or sequential designation Volume 63, Number 4
362 ## - DATES OF PUBLICATION AND/OR SEQUENTIAL DESIGNATION
Dates of publication and/or sequential designation Volume 63, Number 4
362 ## - DATES OF PUBLICATION AND/OR SEQUENTIAL DESIGNATION
Dates of publication and/or sequential designation Volume 65, Number 1
362 ## - DATES OF PUBLICATION AND/OR SEQUENTIAL DESIGNATION
Dates of publication and/or sequential designation Volume 65, Number 2
362 ## - DATES OF PUBLICATION AND/OR SEQUENTIAL DESIGNATION
Dates of publication and/or sequential designation Volume 65, Number 3
362 ## - DATES OF PUBLICATION AND/OR SEQUENTIAL DESIGNATION
Dates of publication and/or sequential designation Volume 65, Number 4
362 ## - DATES OF PUBLICATION AND/OR SEQUENTIAL DESIGNATION
Dates of publication and/or sequential designation Volume 65, Number 4
490 0# - SERIES STATEMENT
Series statement The officials publication of the American Association of Colleges of Pharmacy.
504 ## - BIBLIOGRAPHY, ETC. NOTE
Bibliography, etc. note Includes bibliographical references.
521 ## - TARGET AUDIENCE NOTE
Target audience note College of Health and Sciences CHS
650 0# - SUBJECT ADDED ENTRY--TOPICAL TERM
Topical term or geographic name entry element Pharmacy
General subdivision Periodicals
-- Study and teaching
Geographic subdivision United States.
650 0# - SUBJECT ADDED ENTRY--TOPICAL TERM
Topical term or geographic name entry element Electronic journals.
700 1# - ADDED ENTRY--PERSONAL NAME
Personal name Cocolas, George H.,
Relator term editor.
942 ## - ADDED ENTRY ELEMENTS (KOHA)
Source of classification or shelving scheme Dewey Decimal Classification
Suppress in OPAC No
Koha item type Serials
Classification part 615.213
Item part Am351
Call number prefix SER
Call number suffix 1999
Holdings
Withdrawn status Lost status Source of classification or shelving scheme Damaged status Not for loan Home library Current library Shelving location Date acquired Serial Enumeration / chronology Total Checkouts Full call number Barcode Date last seen Copy number Price effective from Koha item type Public note
    Dewey Decimal Classification   Not For Loan Main Library Main Library Serials 12/05/2025 Winter Supplement 1999 Volume 63,   Ser NUR 32 v.63 1999 01381S 12/05/2025 1-1 12/05/2025 Serials Journal
    Dewey Decimal Classification   Not For Loan Main Library Main Library Serials 12/05/2025 Summer 1999 Volume 63, Number 2   Ser NUR 32 v.63 n.2 1999 01382S 12/05/2025 1-1 12/05/2025 Serials Journal
    Dewey Decimal Classification   Not For Loan Main Library Main Library Serials 12/05/2025 Winter 1999 Volume 63, Number 4   Ser NUR 32 v.63 n.4 1999 01383S 12/05/2025 1-3 12/05/2025 Serials Journal
    Dewey Decimal Classification   Not For Loan Main Library Main Library Serials 12/05/2025 Winter 1999 Volume 63, Number 4   Ser NUR 32 v.63 n.4 1999 01385S 12/05/2025 2-3 12/05/2025 Serials Journal
    Dewey Decimal Classification   Not For Loan Main Library Main Library Serials 12/05/2025 Winter 1999 Volume 63, Number 4   Ser NUR 32 v.63 n.4 1999 01384S 12/05/2025 3-3 12/05/2025 Serials Journal